书目信息 |
| 题名: |
无机材料科学基础
|
|
| 作者: | 潘群雄 , 王路明 , 蔡安兰 主编 | |
| 分册: | ||
| 出版信息: | 北京 化学工业出版社 2007.01 |
|
| 页数: | 221页 | |
| 开本: | 26cm | |
| 丛书名: | ||
| 单 册: | ||
| 中图分类: | TB321 | |
| 科图分类: | ||
| 主题词: | 无机材料--wu ji cai liao--高等学校--教材 | |
| 电子资源: | ||
| ISBN: | 978-7-5025-9479-4 | |
| 000 | 00997nam0 2200277 450 | |
| 001 | 012007053953 | |
| 005 | 20071106075802.02 | |
| 010 | @a978-7-5025-9479-4@dCNY26.00 | |
| 100 | @a20070924d2007 km y0chiy0120 ea | |
| 101 | 0 | @achi |
| 102 | @aCN@b110000 | |
| 105 | @aak a 000yy | |
| 106 | @ar | |
| 200 | 1 | @a无机材料科学基础@Awu ji cai liao ke xue ji chu@f潘群雄, 王路明, 蔡安兰主编@Fpan qun xiong,wang lu ming,cai an lan zhu bian |
| 210 | @a北京@c化学工业出版社@d2007.01 | |
| 215 | @a221页@c图@d26cm | |
| 300 | @a高等学校教材 (工程应用型) | |
| 320 | @a有书目 (第221页)。 | |
| 330 | @a本书论述了晶体几何基础、晶体化学基础、晶体结构、晶体结构缺陷、固溶体、熔体和非晶态固体、固体表面与界面等内容。每章后附有习题。 | |
| 606 | 0 | @a无机材料@Awu ji cai liao@x高等学校@j教材 |
| 690 | @aTB321@v4 | |
| 701 | 0 | @a潘群雄@Apan qun xiong@4主编 |
| 701 | 0 | @a王路明@Awang lu ming@4主编 |
| 701 | 0 | @a蔡安兰@Acai an lan@4主编 |
| 801 | 0 | @aCN@b@c20071106 |
| 905 | @b263808-10@dTB321@eP197@f3 | |
| 无机材料科学基础/潘群雄, 王路明, 蔡安兰主编.-北京:化学工业出版社,2007.01 |
| 221页:图;26cm |
| 高等学校教材 (工程应用型) |
| ISBN 978-7-5025-9479-4:CNY26.00 |
| 本书论述了晶体几何基础、晶体化学基础、晶体结构、晶体结构缺陷、固溶体、熔体和非晶态固体、固体表面与界面等内容。每章后附有习题。 |
| ● |
| 相关链接 |
|
|
|
正题名:无机材料科学基础
索取号:TB321/P197
 
预约/预借
| 序号 | 登录号 | 条形码 | 馆藏地/架位号 | 状态 | 备注 |
| 1 | 263808 | 202638084 | 自科库501/400A自科库 29排3列5层/ [索取号:TB321/P197] | 在馆 | |
| 2 | 263809 | 202638093 | 自科库501/201建筑库 9排4列1层/ [索取号:TB321/P197] | 在馆 | |
| 3 | 263810 | 202638100 | 自科库501/201建筑库 9排4列1层/ [索取号:TB321/P197] | 在馆 |